Statistics for Presidents of France by Picture

Click here to take the quiz!

General Stats

  • This quiz has been taken 53 times
  • The average score is 12 of 25

Answer Stats

Answer% Correct
Emmanuel Macron
94%
Jacques Chirac
92%
François Hollande
88%
Nicolas Sarkozy
88%
François Mitterrand
85%
Charles de Gaulle
81%
Valéry Giscard d'Estaing
69%
Louis-Napoléon Bonaparte
60%
Georges Pompidou
58%
René Coty
38%
François Sadi Carnot
33%
Raymond Poincaré
33%
Patrice de MacMahon
31%
Vincent Auriol
31%
Paul Doumer
29%
Adolphe Thiers
27%
Albert Lebrun
27%
Félix Faure
27%
Gaston Doumergue
25%
Jules Grévy
25%
Paul Deschanel
25%
Armand Fallières
23%
Jean Casimir-Perier
23%
Alexandre Millerand
21%
Émile Loubet
21%

Score Distribution

Percentile by Number Answered

Percent of People with Each Score

Your Score History

You have not taken this quiz